Реакционая способность CH-связей циклогексанола и его ацетата в процессах жидкофазного окисления: автореферат диссертации на соискание ученой степени кандидата химических наук: 02.00.04

Bibliografiske detaljer
Hovedforfatter: Пучков С. В. Сергей Вениаминович
Institution som forfatter: Кузбасский государственный технический университет
Andre forfattere: Перкель А. Л. Александр Львович (научный руководитель)
Sprog:russisk
Udgivet: Кемерово, [Б. и.], 2001
Fag:
Format: Bog
KOHA link:https://koha.lib.tpu.ru/cgi-bin/koha/opac-detail.pl?biblionumber=37833

MARC

LEADER 00000nam0a2200000 4500
001 37833
005 20231101210446.0
035 |a (RuTPU)RU\TPU\book\38424 
090 |a 37833 
100 |a 20020131d2001 k y0rusy50 ca 
101 0 |a rus 
102 |a RU 
105 |a a dm 000zy 
200 1 |a Реакционая способность CH-связей циклогексанола и его ацетата в процессах жидкофазного окисления  |e автореферат диссертации на соискание ученой степени кандидата химических наук: 02.00.04  |f С. В. Пучков  |g Кузбасский государственный технический университет; Научн. рук.: А. Л. Перкель 
210 |a Кемерово  |c [Б. и.]  |d 2001 
215 |a 18 с.  |c ил. 
229 |a Защита состоится 26.12.2001 в Кемеровском государственном университете 
320 |a Библиогр.: с. 18. 
606 1 |a Комплексные соединения  |2 stltpush  |3 (RuTPU)RU\TPU\subj\15019  |9 41320 
610 1 |a физическая химия 
610 1 |a жидкофазное окисление 
610 1 |a циклогексанол 
610 1 |a реакционная способность 
610 1 |a авторефераты диссертаций 
610 1 |a химические реакции 
675 |a 546-386(04)  |v 3 
686 |a 02.00.04  |2 oksvnk 
700 1 |a Пучков  |b С. В.  |g Сергей Вениаминович 
702 1 |a Перкель  |b А. Л.  |g Александр Львович  |4 727 
712 0 2 |a Кузбасский государственный технический университет  |2 stltpush  |3 (RuTPU)RU\TPU\col\89 
801 1 |a RU  |b 63413507  |c 20020131  |g PSBO 
801 2 |a RU  |b 63413507  |c 20160121  |g PSBO 
942 |c BK